Existencia mladých rýchlo rastúcich podnikov "gaziel" na Slovensku bakalárska práca

Salvato in:
Dettagli Bibliografici
Autore principale: Tóthová, Veronika
Ente Autore: Obchodná fakulta EU. Katedra služieb a cestovného ruchu - zrušené
Altri autori: Krošláková, Monika, 1975-
Natura: Libro
Lingua:slovacco
Pubblicazione: Bratislava 2016
Tags: Aggiungi Tag
Nessun Tag, puoi essere il primo ad aggiungerne!!

MARC

LEADER 00000nbm a2200000 4500
001 0218682
005 20190128121928.9
041 0 |a slo 
044 |a SK 
245 1 0 |a Existencia mladých rýchlo rastúcich podnikov "gaziel" na Slovensku  |b bakalárska práca  |c Veronika Tóthová ; školiteľ: Monika Krošláková 
264 1 |a Bratislava  |c 2016 
300 |a 50 s. 
100 1 |a Tóthová, Veronika 
700 1 |a Krošláková, Monika, 1975- 
710 2 |a Obchodná fakulta EU. Katedra služieb a cestovného ruchu - zrušené